5HLuxD.jpg

KING HENRY VIII SENIOR AND PRIMARY SCHOOL LIBRARY OPAC

Lirael : (Record no. 943)

000 -LEADER
fixed length control field 00990cam a2200289 a 4500
001 - CONTROL NUMBER
control field (Sirsi) a949130
003 - CONTROL NUMBER IDENTIFIER
control field OSt
005 - DATE AND TIME OF LATEST TRANSACTION
control field 20191227104609.0
008 - FIXED-LENGTH DATA ELEMENTS--GENERAL INFORMATION
fixed length control field 130923s2014 nyub d 000 1 eng
020 ## - INTERNATIONAL STANDARD BOOK NUMBER
International Standard Book Number 9780060005429
040 ## - CATALOGING SOURCE
Original cataloging agency NFN
Language of cataloging eng
Transcribing agency TAE
042 ## - AUTHENTICATION CODE
Authentication code nbic
082 ## - DEWEY DECIMAL CLASSIFICATION NUMBER
Classification number FIC NIX
100 1# - MAIN ENTRY--PERSONAL NAME
Personal name Nix, Garth,
Dates associated with a name 1963-
Relator term author
245 10 - TITLE STATEMENT
Title Lirael :
Remainder of title daughter of the Clayr /
Statement of responsibility, etc. Garth Nix.
250 ## - EDITION STATEMENT
Edition statement 1st Harper Eos ed.
260 ## - PUBLICATION, DISTRIBUTION, ETC.
Place of publication, distribution, etc. New York, NY :
Name of publisher, distributor, etc. Harper, an imprint of HarperCollins Publishers,
Date of publication, distribution, etc. 2003
300 ## - PHYSICAL DESCRIPTION
Extent 464, 32 p. :
Other physical details maps ;
Dimensions 21 cm.
440 ## - SERIES STATEMENT/ADDED ENTRY--TITLE
Title Abhorsen trilogy ;
Number of part/section of a work bk 2.
520 ## - SUMMARY, ETC.
Summary, etc. When a dangerous necromancer threatens to unleash a long-buried evil, Lirael and Prince Sameth are drawn into a battle to save the Old Kingdom and reveal their true destinies.
521 1# - TARGET AUDIENCE NOTE
Target audience note 13-18.
650 #0 - SUBJECT ADDED ENTRY--TOPICAL TERM
Topical term or geographic name entry element Magic
Form subdivision Fiction.
650 #0 - SUBJECT ADDED ENTRY--TOPICAL TERM
Topical term or geographic name entry element Imaginary wars and battles
Form subdivision Fiction.
650 #0 - SUBJECT ADDED ENTRY--TOPICAL TERM
Topical term or geographic name entry element Fantasy fiction.
650 #0 - SUBJECT ADDED ENTRY--TOPICAL TERM
Topical term or geographic name entry element Young adult fiction.
942 ## - ADDED ENTRY ELEMENTS (KOHA)
Source of classification or shelving scheme
Koha item type Books - Fiction
Holdings
Withdrawn status Lost status Source of classification or shelving scheme Damaged status Not for loan Collection code Permanent Location Current Location Shelving location Date acquired Full call number Barcode Date last seen Price effective from Koha item type
          Fiction KH8 Senior School Library KH8 Senior School Library Fiction 2019-12-27 FIC NIX 3KHSL000101698 2024-07-18 2019-12-27 Books - Fiction

Powered By KH8 IT Dept